[Event "Anti Cheating Blitz Cup"]
[Site "Chess.com INT"]
[Date "2020.05.20"]
[Round "11"]
[White "Mastrolonardo, Francesco"]
[Black "Zambrano Acebo, Jean Carlos"]
[Result "1-0"]
[WhiteElo "2076"]
[BlackElo "2001"]
[PlyCount "57"]
[EventDate "2020.05.20"]
[EventType "swiss (blitz)"]
[EventRounds "11"]
[EventCountry "USA"]
[SourceTitle "CBM 196 Extra"]
[Source "ChessBase"]
[SourceDate "2020.07.31"]
[SourceVersion "1"]
[SourceVersionDate "2020.07.31"]
[SourceQuality "1"]

1. e4 c5 2. Nf3 e6 3. d3 Nc6 4. c3 d5 5. Nbd2 g6 6. g3 Bg7 7. Bg2 Nge7 8. 0-0 0-0 9. Re1 b5 10. Qe2 Bb7 11. e5 Qc7 12. Nf1 b4 13. h4 h5 14. N1h2 a5 15. g4 hxg4 16. Nxg4 Nf5 17. Bg5 Rfc8 18. Nf6+ Kf8 19. Nh2 bxc3 20. bxc3 Ba6 21. Nhg4 Rab8 22. Nh7+ Kg8 23. Ngf6+ Kh8 24. h5 Nxe5 25. Bf4 Bxd3 26. Qxe5 Qxe5 27. Bxe5 gxh5 28. Ng5 Nh4 29. Nxf7# 1-0

[Event "Anti Cheating Blitz Cup"]
[Site "Chess.com INT"]
[Date "2020.05.20"]
[Round "7"]
[White "Widla, Piotr"]
[Black "Mastrolonardo, Francesco"]
[Result "1-0"]
[WhiteElo "1989"]
[BlackElo "2076"]
[PlyCount "109"]
[EventDate "2020.05.20"]
[EventType "swiss (blitz)"]
[EventRounds "11"]
[EventCountry "USA"]
[SourceTitle "CBM 196 Extra"]
[Source "ChessBase"]
[SourceDate "2020.07.31"]
[SourceVersion "1"]
[SourceVersionDate "2020.07.31"]
[SourceQuality "1"]

1. Nf3 c5 2. e3 Nc6 3. d4 cxd4 4. exd4 g6 5. Be2 Bg7 6. 0-0 Nf6 7. b3 0-0 8. Bb2 d6 9. Nbd2 Qc7 10. c4 e5 11. dxe5 dxe5 12. Ng5 Bf5 13. Bf3 Rad8 14. Re1 Rfe8 15. Nge4 Nxe4 16. Bxe4 Bxe4 17. Rxe4 f5 18. Re2 Nd4 19. Bxd4 Rxd4 20. Qc2 e4 21. Rc1 Qf4 22. g3 Qg5 23. Nf1 Red8 24. c5 Qf6 25. Re3 Bh6 26. a3 Bxe3 27. Nxe3 Rd2 28. Qc4+ Kg7 29. b4 Qb2 30. Rf1 a6 31. c6 bxc6 32. Qxc6 Qxa3 33. Nc4 Qxb4 34. Nxd2 Qxd2 35. Qxa6 Qd3 36. Qb7+ Rd7 37. Qb8 Qd4 38. Qf4 Qd6 39. Qe3 Qd4 40. Qf4 Re7 41. h4 Qe5 42. Qe3 Rd7 43. h5 Qd4 44. h6+ Kf7 45. Qg5 Qf6 46. Qf4 Qd6 47. Qe3 Qd4 48. Qb3+ Qd5 49. Qb8 Rd8 50. Qc7+ Qd7 51. Qc4+ Qd5 52. Qc7+ Qd7 53. Qe5 Kg8 54. Rb1 Qe8 55. Qg7# 1-0

[Event "Salento op 2nd"]
[Site "Gallipoli"]
[Date "2013.05.27"]
[Round "4"]
[White "Al Khateeb, Taher"]
[Black "Mastrolonardo, Francesco"]
[Result "1/2-1/2"]
[WhiteElo "1984"]
[BlackElo "1912"]
[PlyCount "36"]
[EventDate "2013.05.25"]
[EventType "swiss"]
[EventRounds "9"]
[EventCountry "ITA"]
[SourceTitle "EXT 2014"]
[Source "ChessBase"]
[SourceDate "2013.11.20"]
[SourceVersion "1"]
[SourceVersionDate "2013.11.20"]
[SourceQuality "1"]

1. d4 Nf6 2. Bg5 c5 3. Bxf6 exf6 4. dxc5 Bxc5 5. e3 d6 6. Bb5+ Nc6 7. c3 a6 8. Bc4 Qe7 9. Nf3 0-0 10. 0-0 Bg4 11. Nbd2 Rad8 12. Qc2 d5 13. Bd3 g6 14. Nd4 Ne5 15. h3 Nxd3 16. Qxd3 Be6 17. N2f3 Rfe8 18. Rad1 Qc7 1/2-1/2

[Event "Salento op 2nd"]
[Site "Gallipoli"]
[Date "2013.05.27"]
[Round "3"]
[White "Mastrolonardo, Francesco"]
[Black "Fasiello, Andrea"]
[Result "1/2-1/2"]
[WhiteElo "1912"]
[BlackElo "1988"]
[PlyCount "37"]
[EventDate "2013.05.25"]
[EventType "swiss"]
[EventRounds "9"]
[EventCountry "ITA"]
[SourceTitle "EXT 2014"]
[Source "ChessBase"]
[SourceDate "2013.11.20"]
[SourceVersion "1"]
[SourceVersionDate "2013.11.20"]
[SourceQuality "1"]

1. e4 e5 2. Nf3 Nf6 3. Nxe5 d6 4. Nf3 Nxe4 5. Nc3 Nf6 6. d4 Be7 7. Bd3 0-0 8. h3 Re8 9. 0-0 Nbd7 10. Bf4 Nf8 11. Qd2 Ng6 12. Bh2 Bd7 13. Rfe1 Bf8 14. Rxe8 Qxe8 15. Re1 Qd8 16. d5 a6 17. Bc4 Qc8 18. Re3 Ne7 19. Ne4 1/2-1/2

[Event "Salento op 2nd"]
[Site "Gallipoli"]
[Date "2013.05.25"]
[Round "1"]
[White "Mastrolonardo, Francesco"]
[Black "Chernukhin, Alexander"]
[Result "1/2-1/2"]
[WhiteElo "1912"]
[BlackElo "2091"]
[PlyCount "55"]
[EventDate "2013.05.25"]
[EventType "swiss"]
[EventRounds "9"]
[EventCountry "ITA"]
[SourceTitle "EXT 2014"]
[Source "ChessBase"]
[SourceDate "2013.11.20"]
[SourceVersion "1"]
[SourceVersionDate "2013.11.20"]
[SourceQuality "1"]

1. e4 c6 2. d4 d5 3. Nc3 dxe4 4. Nxe4 Nd7 5. Nf3 Ngf6 6. Neg5 e6 7. Bd3 Bd6 8. 0-0 h6 9. Ne4 Nxe4 10. Bxe4 Qc7 11. Re1 0-0 12. c3 Nf6 13. Bd3 b6 14. Ne5 Bb7 15. Bf4 c5 16. Bg3 cxd4 17. cxd4 Bd5 18. Qe2 Rad8 19. a3 Qb7 20. f4 Nd7 21. Ba6 Qa8 22. Rac1 f5 23. Bb5 Nxe5 24. dxe5 Bc5+ 25. Bf2 Bxg2 26. Bxc5 Bf3 27. Qf2 bxc5 28. Rxc5 1/2-1/2

[Event "Cesenatico op 16th"]
[Site "Cesenatico"]
[Date "2012.09.03"]
[Round "3"]
[White "Emami, Madjid"]
[Black "Mastrolonardo, Francesco"]
[Result "1/2-1/2"]
[WhiteElo "2022"]
[BlackElo "1835"]
[PlyCount "33"]
[EventDate "2012.09.01"]
[EventType "swiss"]
[EventRounds "9"]
[EventCountry "ITA"]
[SourceTitle "CBM 150 Extra"]
[Source "ChessBase"]
[SourceDate "2012.10.19"]
[SourceVersion "1"]
[SourceVersionDate "2012.10.19"]
[SourceQuality "1"]

1. Nf3 g6 2. e4 c5 3. g3 Nc6 4. d3 Bg7 5. Bg2 d6 6. 0-0 e6 7. Nbd2 Nge7 8. c3 0-0 9. Ne1 Rb8 10. f4 b5 11. Ndf3 b4 12. c4 Nd4 13. Nxd4 Bxd4+ 14. Kh1 f5 15. Nf3 Bg7 16. Qe2 Nc6 17. Be3 1/2-1/2

[Event "Cesenatico op 15th"]
[Site "Cesenatico"]
[Date "2011.09.07"]
[Round "6"]
[White "Mastrolonardo, Francesco"]
[Black "Drei, Andrea"]
[Result "0-1"]
[WhiteElo "1719"]
[BlackElo "2260"]
[PlyCount "64"]
[EventDate "2011.09.03"]
[EventType "swiss"]
[EventRounds "9"]
[EventCountry "ITA"]
[SourceTitle "CBM 144 Extra"]
[Source "ChessBase"]
[SourceDate "2011.10.28"]
[SourceVersion "1"]
[SourceVersionDate "2011.10.28"]
[SourceQuality "1"]

1. e4 c5 2. Nf3 a6 3. d4 cxd4 4. Nxd4 Nf6 5. Nc3 e5 6. Nf5 d5 7. Bg5 d4 8. Ne2 h6 9. Bxf6 Qxf6 10. Nfg3 Nc6 11. a3 h5 12. h4 Be6 13. Nc1 g6 14. Bd3 Qd8 15. Nge2 Be7 16. g3 Rc8 17. Na2 Bg4 18. c4 f5 19. Qc2 0-0 20. b4 Kg7 21. Ng1 f4 22. Ne2 fxg3 23. fxg3 a5 24. c5 Nb8 25. Qa4 axb4 26. axb4 b6 27. cxb6 Qxb6 28. Qa5 Qf6 29. Kd2 Nc6 30. Qa4 Qf3 31. Qb3 Qe3+ 32. Ke1 Bxe2 0-1

[Event "Cesenatico op 15th"]
[Site "Cesenatico"]
[Date "2011.09.06"]
[Round "5"]
[White "Virzi, Ettore"]
[Black "Mastrolonardo, Francesco"]
[Result "1/2-1/2"]
[WhiteElo "1951"]
[BlackElo "1719"]
[PlyCount "28"]
[EventDate "2011.09.03"]
[EventType "swiss"]
[EventRounds "9"]
[EventCountry "ITA"]
[SourceTitle "CBM 144 Extra"]
[Source "ChessBase"]
[SourceDate "2011.10.28"]
[SourceVersion "1"]
[SourceVersionDate "2011.10.28"]
[SourceQuality "1"]

1. e4 c5 2. Nf3 e6 3. d4 cxd4 4. Nxd4 Nc6 5. Nc3 Qc7 6. Be3 a6 7. f4 d6 8. Be2 Nf6 9. a4 Be7 10. 0-0 Bd7 11. Nb3 b6 12. Bf3 Nb4 13. Qd2 Rc8 14. Rad1 Bc6 1/2-1/2